Les pays contenant entre 70 % et 80 % de protestants - Statistiques

Statistiques générales
  • Ce quiz a été pris 13 fois
  • Le résultat moyen est 2 sur 3
Statistiques - réponses
Hint Réponse % Correct
74,02 % Afrique du Sud
85%
70,56 % Namibie
77%
79,99 % Jamaïque
54%
Aucun quiz correspondant
Distribution des résultats
% des personnes avec chaque résultat
Percentile par nombre de réponses
Votre historique - résultats
Vous n’avez pas pris ce quiz